Les mots composés avec arrière - Statistiques

Statistiques générales
  • Ce quiz a été pris 107 fois
  • Le résultat moyen est 5 sur 15
Statistiques - réponses
Réponse % Correct
train
84%
grand mère
51%
grand père
51%
garde
49%
pensée
47%
cour
34%
boutique
30%
plan
27%
goût
23%
pays
19%
petit fils
19%
petite fille
18%
salle
10%
saison
9%
chambre
5%
Aucun quiz correspondant
Distribution des résultats
% des personnes avec chaque résultat
Percentile par nombre de réponses
Votre historique - résultats
Vous n’avez pas pris ce quiz